00597nam a22002177a 450000500170000001000110001702000100002803500110003803700160004904000120006508200130007710000220009024501090011226000340022127000260025530000210028150000190030265000150032165000180033670000250035420170124110116.0 a311952 c00.00 a311952 bCen Lib/Ret aDPLbEN a920bRIE aReidman, Sarah R. aPortraits of nobel laureates in medicine and physiology /cby Sarah R. Reidman [and] Elton T. Gustafson aLondonbAbelard-Schumanc1963 a8,King StreetbLondon a343p. c19cm(Hb) aIncludes index aPhysicians aPhysiologists a Gustafson, Elton T.